A second course in mathematical analysis / (Record no. 7867)
[ view plain ]
| 000 -LEADER | |
|---|---|
| fixed length control field | 00937cam a2200301 4500 |
| 001 - CONTROL NUMBER | |
| control field | 7867 |
| 003 - CONTROL NUMBER IDENTIFIER | |
| rucl marc code | BD-RjUL |
| 005 - DATE AND TIME OF LATEST TRANSACTION | |
| control field | 20211208234504.0 |
| 008 - FIXED-LENGTH DATA ELEMENTS--GENERAL INFORMATION | |
| fixed length control field | 140116t19801070enk b 001 0 eng |
| 020 ## - INTERNATIONAL STANDARD BOOK NUMBER | |
| International Standard Book Number | 052107519X (hard covers) |
| International Standard Book Number | 0521280613 (paperback) |
| International Standard Book Number | 0706909836 |
| 035 ## - SYSTEM CONTROL NUMBER | |
| System control number | (BD-RjUL)7911 |
| 040 ## - CATALOGING SOURCE | |
| Original cataloging agency | DLC |
| Transcribing agency | DLC |
| Modifying agency | DLC |
| -- | BD-RjUL |
| Language of cataloging | eng |
| 041 ## - LANGUAGE CODE | |
| Language code of text/sound track or separate title | eng |
| 082 00 - DEWEY DECIMAL CLASSIFICATION NUMBER | |
| Classification number | 515 |
| Edition number | 19 |
| Author mark and year | BUS 1980 |
| 100 1# - MAIN ENTRY--PERSONAL NAME | |
| Personal name | Burkill, J. C. |
| Fuller form of name | (John Charles), |
| Dates associated with a name | 1900- |
| 9 (RLIN) | 21106 |
| 245 12 - TITLE STATEMENT | |
| Title | A second course in mathematical analysis / |
| Statement of responsibility, etc. | J. C. Burkill and H. Burkill. |
| 250 ## - EDITION STATEMENT | |
| Edition statement | 1st paperback ed. 1980 |
| 260 ## - PUBLICATION, DISTRIBUTION, ETC. (IMPRINT) | |
| Place of publication, distribution, etc. | Cambridge [Eng.] : |
| Name of publisher, distributor, etc. | University Press, |
| Date of publication, distribution, etc. | c1970 [1980]. |
| 300 ## - PHYSICAL DESCRIPTION | |
| Pagination | 526 p. ; |
| Size | 24 cm. |
| 350 ## - PRICE (NR) (BK AM CF MU VM SE) [OBSOLETE] | |
| Price | 4/-/- |
| -- | ($12.50) |
| 504 ## - BIBLIOGRAPHY, ETC. NOTE | |
| Bibliography, etc | Includes bibliography (p. 522) and index. |
| 650 #0 - SUBJECT ADDED ENTRY--TOPICAL TERM | |
| Topical term or geographic name as entry element | Mathematical analysis. |
| 9 (RLIN) | 24544 |
| 700 1# - ADDED ENTRY--PERSONAL NAME | |
| Personal name | Burkill, H., |
| Relator term | joint author. |
| 942 ## - ADDED ENTRY ELEMENTS (KOHA) | |
| Source of classification or shelving scheme | Dewey Decimal Classification |
| Koha item type | Books |
| Lost status | Source of classification or shelving scheme | Damaged status | Not for loan | Collection code | Permanent Location | Current Location | Shelving location | Date acquired | Source of acquisition | Cost, normal purchase price | Total Checkouts | Full call number | Date last seen | Copy number | Koha item type |
|---|---|---|---|---|---|---|---|---|---|---|---|---|---|---|---|
| Dewey Decimal Classification | Non-fiction | Central Library, University of Rajshahi | Central Library, University of Rajshahi | 19/07/1988 | Mollik brother | 46.20 | 515 BUS 1980 | 16/01/2014 | C-4 | Books | |||||
| Dewey Decimal Classification | Non-fiction | Central Library, University of Rajshahi | Central Library, University of Rajshahi | 11/09/1983 | Tulip Enter. Dhaka | 150.00 | 515 BUS 1980 | 16/01/2014 | C-3 | Books | |||||
| Dewey Decimal Classification | Non-fiction | Central Library, University of Rajshahi | Central Library, University of Rajshahi | 19/07/1988 | Mollik brother | 46.20 | 515 BUS 1980 | 27/08/2016 | C-2 | Books | |||||
| Dewey Decimal Classification | Non-fiction | Central Library, University of Rajshahi | Central Library, University of Rajshahi | 11/09/1983 | Tappom-Tulip Enterprise | 150.00 | 515 BUS 1980 | 07/11/2016 | C-5 | Books |